000 00368nam a2200109Ia 4500
008 170221s9999 xx 000 0 und d
100 _aAdrian Chiang
245 _aHow Entrepreneurs Can Crowdfund Renewable Energy Projects
245 _cAdrian Chiang
650 _xBusiness
856 _uhttp://digitalcommons.pepperdine.edu/cgi/viewcontent.cgi?article=1134&context=jbel
999 _c307656
_d307656